[Event "Vladivostok Meridian op rap"]
[Site "Vladivostok"]
[Date "2015.07.20"]
[Round "9"]
[White "Pevzner, Lev"]
[Black "Smirnov, Pavel"]
[Result "0-1"]
[WhiteElo "2396"]
[BlackElo "2600"]
[PlyCount "54"]
[EventDate "2015.07.18"]
[EventType "swiss (rapid)"]
[EventRounds "11"]
[EventCountry "RUS"]
[SourceTitle "EXT 2016"]
[Source "ChessBase"]
[SourceDate "2015.10.08"]
[SourceVersion "1"]
[SourceVersionDate "2015.10.08"]
[SourceQuality "1"]

1. c4 e6 2. Nc3 d5 3. d4 c6 4. e4 dxe4 5. Nxe4 Bb4+ 6. Nc3 e5 7. a3 Bxc3+ 8. bxc3 Qa5 9. Nf3 e4 10. Nd2 Qxc3 11. Rb1 Nf6 12. Bb2 Qa5 13. Be2 Qg5 14. Kf1 0-0 15. h4 Qf5 16. Kg1 b6 17. Nf1 Ng4 18. Bxg4 Qxg4 19. Qd2 f5 20. Ne3 Qh5 21. d5 f4 22. Qd4 Qh6 23. Nf1 Bf5 24. Re1 Na6 25. g3 Nc5 26. Re2 Bg4 27. Rd2 Nb3 0-1

[Event "RUS-ch Higher League 60th"]
[Site "Krasnoyarsk"]
[Date "2007.09.13"]
[Round "10"]
[White "Kostin, Alexey"]
[Black "Pevzner, Lev"]
[Result "0-1"]
[WhiteElo "2434"]
[BlackElo "2395"]
[PlyCount "96"]
[EventDate "2007.09.03"]
[EventType "swiss"]
[EventRounds "11"]
[EventCountry "RUS"]
[SourceTitle "CBM 120"]
[Source "ChessBase"]
[SourceDate "2007.10.02"]
[SourceVersion "1"]
[SourceVersionDate "2007.10.02"]
[SourceQuality "1"]

1. e4 c5 2. Nf3 Nc6 3. c3 Nf6 4. e5 Nd5 5. d4 cxd4 6. Bc4 Nb6 7. Bb3 d5 8. exd6 Qxd6 9. 0-0 Be6 10. Bxe6 Qxe6 11. Nxd4 Nxd4 12. Qxd4 Rd8 13. Qh4 h5 14. h3 Qc4 15. Qxc4 Nxc4 16. b3 Nd6 17. Be3 a6 18. Bb6 Rd7 19. c4 Rh6 20. Ba5 g5 21. Nc3 Bg7 22. Rac1 Bxc3 23. Rxc3 g4 24. Rd1 Ne4 25. Rcd3 Rhd6 26. Rxd6 Rxd6 27. Re1 f5 28. f3 gxf3 29. gxf3 Rg6+ 30. Kh1 Ng5 31. Rg1 Kf7 32. f4 Nxh3 33. Rf1 e5 34. fxe5 Ke6 35. Bd8 Rg4 36. Bf6 Ng5 37. Rd1 Ne4 38. Kh2 f4 39. Rd8 f3 40. Re8+ Kf7 41. Re7+ Kg6 42. Rg7+ Kf5 43. Rf7 Rg2+ 44. Kh3 Nf2+ 45. Kh4 Kg6 46. Rg7+ Kh6 47. Rg5 Ne4 48. Rxh5+ Kg6 0-1

[Event "RUS-ch Higher League 60th"]
[Site "Krasnoyarsk"]
[Date "2007.09.04"]
[Round "2"]
[White "Kokarev, Dmitry"]
[Black "Pevzner, Lev"]
[Result "1-0"]
[WhiteElo "2551"]
[BlackElo "2395"]
[PlyCount "79"]
[EventDate "2007.09.03"]
[EventType "swiss"]
[EventRounds "11"]
[EventCountry "RUS"]
[SourceTitle "CBM 120"]
[Source "ChessBase"]
[SourceDate "2007.10.02"]
[SourceVersion "1"]
[SourceVersionDate "2007.10.02"]
[SourceQuality "1"]

1. e4 c5 2. Nf3 Nc6 3. d4 cxd4 4. Nxd4 e5 5. Nb5 d6 6. N1c3 a6 7. Na3 b5 8. Nd5 Nge7 9. c4 Nxd5 10. exd5 Nd4 11. cxb5 Be7 12. Bc4 0-0 13. 0-0 f5 14. bxa6 f4 15. Nc2 f3 16. Nxd4 fxg2 17. Re1 exd4 18. Qxd4 Bf6 19. Qd3 Be5 20. Rxe5 dxe5 21. Be3 e4 22. d6+ Kh8 23. Qa3 Bxa6 24. Bxa6 Rf5 25. Rd1 Ra5 26. Qb4 R5xa6 27. d7 h6 28. Qb5 Qf6 29. Bd4 Qe6 30. Bc5 Rd8 31. Be7 Qxe7 32. Qxa6 e3 33. Qd3 e2 34. Re1 Rxd7 35. Qxe2 Qd6 36. Qe8+ Kh7 37. Qe4+ g6 38. Kxg2 Rf7 39. Re2 Qc5 40. h4 1-0

[Event "Moscow Aeroflot op-B"]
[Site "Moscow"]
[Date "2005.02.21"]
[Round "7"]
[White "Pevzner, Lev"]
[Black "Shvedchikov, Anatoli I"]
[Result "1/2-1/2"]
[WhiteElo "2410"]
[BlackElo "2448"]
[PlyCount "29"]
[EventDate "2005.02.15"]
[EventType "swiss"]
[EventRounds "9"]
[EventCountry "RUS"]
[SourceTitle "EXT 2006"]
[Source "ChessBase"]
[SourceDate "2005.11.24"]
[SourceVersion "1"]
[SourceVersionDate "2005.11.24"]
[SourceQuality "1"]

1. d4 d5 2. c4 c6 3. Nc3 Nf6 4. cxd5 cxd5 5. Bf4 Qb6 6. e3 Bd7 7. Bd3 e6 8. Qe2 Bc6 9. Nf3 Nbd7 10. b3 Be7 11. 0-0 0-0 12. Rfc1 Rfc8 13. Rc2 a6 14. Rac1 Qd8 15. a3 1/2-1/2

[Event "Moscow Aeroflot op-B"]
[Site "Moscow"]
[Date "2005.02.16"]
[Round "2"]
[White "Xu, Yuhua"]
[Black "Pevzner, Lev"]
[Result "1-0"]
[WhiteElo "2487"]
[BlackElo "2410"]
[PlyCount "147"]
[EventDate "2005.02.15"]
[EventType "swiss"]
[EventRounds "9"]
[EventCountry "RUS"]
[SourceTitle "EXT 2006"]
[Source "ChessBase"]
[SourceDate "2005.11.24"]
[SourceVersion "1"]
[SourceVersionDate "2005.11.24"]
[SourceQuality "1"]

1. e4 c5 2. Nf3 Nc6 3. Bb5 e6 4. 0-0 Nge7 5. b3 Ng6 6. Bb2 f6 7. Re1 Be7 8. c3 a6 9. Bxc6 bxc6 10. d4 d5 11. dxc5 Bxc5 12. Nd4 dxe4 13. Rxe4 0-0 14. b4 f5 15. Re1 Bxd4 16. cxd4 a5 17. bxa5 Qxa5 18. Nd2 Qd5 19. Nb3 Ba6 20. Nc5 e5 21. Nxa6 Rxa6 22. dxe5 Nf4 23. Qxd5+ cxd5 24. Red1 Rb8 25. Bc1 Ne2+ 26. Kf1 Nc3 27. Rd3 Rxa2 28. Rxa2 Nxa2 29. Bd2 Nb4 30. Rd4 Nc6 31. Rxd5 Rd8 32. Rc5 Nxe5 33. Bc3 Ng4 34. h3 Nh6 35. Ke2 g6 36. Rc7 Nf7 37. h4 Re8+ 38. Kd3 Rd8+ 39. Ke3 Re8+ 40. Kd4 Rd8+ 41. Kc5 Re8 42. Bf6 Ra8 43. Kd5 Ra5+ 44. Ke6 Ra6+ 45. Ke7 Ra8 46. f3 Nh6 47. Be5 Rf8 48. Ke6 Re8+ 49. Kd5 Rd8+ 50. Kc5 Nf7 51. Bf6 Ra8 52. Kd5 Ra5+ 53. Ke6 Ra6+ 54. Ke7 Ra8 55. h5 gxh5 56. Bc3 Rf8 57. f4 Nh6 58. Ke6 Rf7 59. Rc5 Rf8 60. g3 Ra8 61. Rc7 Ra6+ 62. Ke7 Ra8 63. Kf6 Ra6+ 64. Ke7 Ra8 65. Bd4 Ng4 66. Ke6 Ra6+ 67. Kxf5 Rg6 68. Rc8+ Kf7 69. Rh8 Nh6+ 70. Ke4 Ke6 71. Rxh7 Nf5 72. Bf2 Nxg3+ 73. Kf3 Nf5 74. Rxh5 1-0

[Event "RUS-chT 09th Group2"]
[Site "Ekaterinburg"]
[Date "2002.05.18"]
[Round "2"]
[White "Smirnov, Artem"]
[Black "Pevzner, Lev"]
[Result "1/2-1/2"]
[WhiteElo "2313"]
[BlackElo "2423"]
[PlyCount "79"]
[EventDate "2002.05.17"]
[EventType "team-tourn"]
[EventRounds "7"]
[EventCountry "RUS"]
[SourceTitle "EXT 2020"]
[Source "ChessBase"]
[SourceDate "2019.10.17"]
[SourceVersion "1"]
[SourceVersionDate "2019.10.17"]
[SourceQuality "1"]
[WhiteTeam "Sankt Petersburg Lentransgaz II"]
[BlackTeam "Khabarovsk Lokomotiv"]
[WhiteTeamCountry "RUS"]
[BlackTeamCountry "RUS"]

1. d4 d5 2. c4 c6 3. Nf3 Nf6 4. Nc3 a6 5. e3 b5 6. b3 Bg4 7. Be2 Nbd7 8. 0-0 e6 9. Bb2 Bd6 10. Qc2 0-0 11. e4 b4 12. Nxd5 cxd5 13. e5 Bf5 14. Qd1 dxc4 15. bxc4 Be7 16. exf6 Bxf6 17. a3 a5 18. axb4 axb4 19. Rxa8 Qxa8 20. Qb3 Rb8 21. Nd2 e5 22. Ra1 Qb7 23. Ra5 Qc7 24. Qa2 b3 25. Qa3 Bc2 26. Ra7 Rb7 27. Rxb7 Qxb7 28. Bf3 Qb8 29. Bc6 Nf8 30. d5 e4 31. h3 Bxb2 32. Qxb2 Qb4 33. Nf1 Qe1 34. d6 Bd3 35. d7 Qxf1+ 36. Kh2 Nxd7 37. Bxd7 Bxc4 38. Qe5 g6 39. Qe8+ Kg7 40. Qe5+ 1/2-1/2

[Event "RUS-chT 09th Group2"]
[Site "Ekaterinburg"]
[Date "2002.05.17"]
[Round "1"]
[White "Pevzner, Lev"]
[Black "Kurnosov, Igor"]
[Result "1/2-1/2"]
[WhiteElo "2423"]
[BlackElo "2419"]
[PlyCount "90"]
[EventDate "2002.05.17"]
[EventType "team-tourn"]
[EventRounds "7"]
[EventCountry "RUS"]
[SourceTitle "EXT 2020"]
[Source "ChessBase"]
[SourceDate "2019.10.17"]
[SourceVersion "1"]
[SourceVersionDate "2019.10.17"]
[SourceQuality "1"]
[WhiteTeam "Khabarovsk Lokomotiv"]
[BlackTeam "Satka Magnezit"]
[WhiteTeamCountry "RUS"]
[BlackTeamCountry "RUS"]

1. c4 c5 2. Nf3 g6 3. d4 cxd4 4. Nxd4 Bg7 5. e4 Nc6 6. Be3 Nf6 7. Nc3 0-0 8. Be2 b6 9. 0-0 Bb7 10. f3 e6 11. Nxc6 Bxc6 12. Qd2 Qe7 13. Bd4 Nh5 14. Bxg7 Nxg7 15. f4 f5 16. e5 g5 17. Nb5 h6 18. Nd6 Ne8 19. Bf3 Rd8 20. Bxc6 dxc6 21. Rad1 gxf4 22. Qxf4 Nxd6 23. exd6 Qg5 24. Qf3 c5 25. Rfe1 Qf6 26. a3 Rd7 27. Qc6 Rfd8 28. b4 cxb4 29. axb4 Kf7 30. c5 Qh4 31. Qf3 a5 32. Qb3 Qf6 33. cxb6 a4 34. Qxa4 Rxd6 35. Qa7+ Qe7 36. Rxd6 Rxd6 37. Rc1 Kf6 38. b7 Qd8 39. b8Q Rd1+ 40. Rxd1 Qxd1+ 41. Kf2 Qd2+ 42. Kf3 Qd1+ 43. Kf2 Qd2+ 44. Kf1 Qd1+ 45. Kf2 Qd2+ 1/2-1/2

[Event "RUS-chT 08th final B"]
[Site "Tomsk"]
[Date "2001.05.19"]
[Round "1"]
[White "Gabdrakhmanov, Rafail"]
[Black "Pevzner, Lev"]
[Result "1/2-1/2"]
[WhiteElo "2463"]
[BlackElo "2357"]
[PlyCount "111"]
[EventDate "2001.05.19"]
[EventType "team-tourn"]
[EventRounds "3"]
[EventCountry "RUS"]
[SourceTitle "EXT 2020"]
[Source "ChessBase"]
[SourceDate "2019.10.17"]
[SourceVersion "1"]
[SourceVersionDate "2019.10.17"]
[SourceQuality "1"]
[WhiteTeam "Kazan Ladya"]
[BlackTeam "Khabarovsk Lokomotiv"]
[WhiteTeamCountry "RUS"]
[BlackTeamCountry "RUS"]

1. Nf3 Nf6 2. g3 d5 3. Bg2 c6 4. 0-0 Bf5 5. b3 e6 6. Bb2 a5 7. d3 h6 8. Nbd2 a4 9. a3 axb3 10. cxb3 Be7 11. b4 0-0 12. Qb3 Nbd7 13. Rfc1 Bg4 14. Rc2 Qb6 15. h3 Bh5 16. Bd4 Qc7 17. e4 Rfc8 18. Rac1 Bxf3 19. Bxf3 Qd8 20. e5 Ne8 21. Bg4 Nc7 22. Bb2 Nb6 23. Nf3 Nb5 24. Nd4 Rxa3 25. Bxa3 Nxd4 26. Qc3 Nxc2 27. Rxc2 Ra8 28. Bc1 d4 29. Qb2 Nd5 30. Bd2 Qb6 31. Rc4 Qa6 32. Qxd4 Qa1+ 33. Qxa1 Rxa1+ 34. Kg2 Ra2 35. Bc1 Nxb4 36. d4 Rc2 37. Rxc2 Nxc2 38. Bb2 Ba3 39. Bc3 Bb4 40. Bb2 Ba3 41. Bc3 Bb4 42. Bb2 c5 43. dxc5 Bxc5 44. Kf3 Bd4 45. Bxd4 Nxd4+ 46. Ke3 Nc6 47. Bf3 Nxe5 48. Bxb7 g5 49. Kd4 Ng6 50. Bf3 Kg7 51. Bh5 f5 52. Bd1 Kf6 53. Be2 Ne5 54. Bd1 g4 55. hxg4 Nxg4 56. f4 1/2-1/2

[Event "RUS-chT 08th Group1"]
[Site "Tomsk"]
[Date "2001.05.17"]
[Round "5"]
[White "Volzhin, Alexander"]
[Black "Pevzner, Lev"]
[Result "1-0"]
[WhiteElo "2528"]
[BlackElo "2357"]
[PlyCount "69"]
[EventDate "2001.05.13"]
[EventType "team-tourn"]
[EventRounds "5"]
[EventCountry "RUS"]
[SourceTitle "EXT 2004"]
[Source "ChessBase"]
[SourceDate "2003.11.25"]
[SourceVersion "1"]
[SourceVersionDate "2003.11.25"]
[SourceQuality "1"]
[WhiteTeam "Norilsk Norilsky Nikel"]
[BlackTeam "Khabarovsk Lokomotiv"]
[WhiteTeamCountry "RUS"]
[BlackTeamCountry "RUS"]

1. e4 c5 2. Nf3 e6 3. d3 Nc6 4. c3 d5 5. Qe2 Nge7 6. g3 g6 7. Bg2 Bg7 8. 0-0 0-0 9. e5 Rb8 10. Na3 b5 11. Nc2 d4 12. cxd4 cxd4 13. Bg5 Re8 14. Rfe1 Bb7 15. Qd2 Qb6 16. Rac1 Nd5 17. Bh6 Bh8 18. Na1 Rbc8 19. Nb3 a5 20. h4 Ba8 21. h5 a4 22. Nc5 a3 23. bxa3 Nc3 24. Nb3 b4 25. axb4 Nxb4 26. Nbxd4 Nbxa2 27. Ra1 Bd5 28. Bg5 Nb4 29. Ra3 Bxf3 30. Nxf3 Ncd5 31. Rb1 Qc5 32. d4 Qb5 33. Rab3 Rb8 34. Ne1 Qd7 35. Bxd5 1-0

[Event "RUS-chT 08th Group1"]
[Site "Tomsk"]
[Date "2001.05.13"]
[Round "1"]
[White "Nevostrujev, Vladimir"]
[Black "Pevzner, Lev"]
[Result "1-0"]
[WhiteElo "2438"]
[BlackElo "2357"]
[PlyCount "113"]
[EventDate "2001.05.13"]
[EventType "team-tourn"]
[EventRounds "5"]
[EventCountry "RUS"]
[SourceTitle "EXT 2020"]
[Source "ChessBase"]
[SourceDate "2019.10.17"]
[SourceVersion "1"]
[SourceVersionDate "2019.10.17"]
[SourceQuality "1"]
[WhiteTeam "Novokuznetsk"]
[BlackTeam "Khabarovsk Lokomotiv"]
[WhiteTeamCountry "RUS"]
[BlackTeamCountry "RUS"]

1. e4 c5 2. Nf3 Nc6 3. d4 cxd4 4. Nxd4 e5 5. Nb5 d6 6. c4 Be7 7. b3 a6 8. N5c3 Be6 9. Bd3 Nf6 10. 0-0 0-0 11. Bb2 Nd7 12. Nd5 Nc5 13. Nxe7+ Nxe7 14. Nc3 f5 15. exf5 Nxf5 16. Ne4 Nxd3 17. Qxd3 Qc7 18. Ng5 Qe7 19. f4 exf4 20. Nxe6 Qxe6 21. Rxf4 Rae8 22. h3 Qe3+ 23. Qxe3 Nxe3 24. Rxf8+ Kxf8 25. Re1 g6 26. Ba3 Nf5 27. Rxe8+ Kxe8 28. g4 Nd4 29. Bxd6 Ne2+ 30. Kf2 Nc1 31. Bf4 Nxa2 32. Bd2 Kd7 33. Ke3 b6 34. Kd4 Kd6 35. b4 Kc6 36. g5 a5 37. bxa5 bxa5 38. Bxa5 Nc1 39. Bb4 Ne2+ 40. Ke4 Ng3+ 41. Ke5 Nh5 42. h4 Kd7 43. Bd6 Ng7 44. c5 Ke8 45. c6 Kd8 46. Bb4 Kc7 47. Kd5 Nf5 48. Ba5+ Kc8 49. Be1 Kc7 50. Bf2 Ne7+ 51. Ke6 Nxc6 52. Kf6 Kd7 53. Kg7 Ke6 54. Kxh7 Kf5 55. h5 Ne5 56. h6 Nf7 57. Be3 1-0